Online
Catalog

Manual de historia crítica dominicana (1492-1965) / (Record no. 49118)

MARC details
000 -CABECERA
campo de control de longitud fija 02286nam a22005057a 4500
003 - IDENTIFICADOR DEL NÚMERO DE CONTROL
campo de control OSt
005 - FECHA Y HORA DE LA ÚLTIMA TRANSACCIÓN
campo de control 20240710123701.0
007 - CAMPO FIJO DE DESCRIPCIÓN FÍSICA--INFORMACIÓN GENERAL
campo de control de longitud fija ta
008 - DATOS DE LONGITUD FIJA--INFORMACIÓN GENERAL
campo de control de longitud fija 201110n rd acd||ri||| 001 0dspa d
040 ## - FUENTE DE LA CATALOGACIÓN
Centro catalogador/agencia de origen DO-SdBNP
Lengua de catalogación spa
Centro/agencia transcriptor BNPHU
041 ## - CÓDIGO DE LENGUA
Código de lengua original spa
082 #4 - NÚMERO DE LA CLASIFICACIÓN DECIMAL DEWEY
Número de clasificación 972.93
Número de documento/Ítem M385m
Número de edición 22
100 1# - ENTRADA PRINCIPAL--NOMBRE DE PERSONA
Nombre de persona Martínez Almanzar, Juan Francisco
Fechas asociadas al nombre 1950 -
9 (RLIN) 10459
240 ## - TÍTULO UNIFORME
Título uniforme [Historia dominicana.]
245 10 - MENCIÓN DE TÍTULO
Título Manual de historia crítica dominicana (1492-1965) /
Mención de responsabilidad, etc. Juan Franciso Martínez Almánzar
260 ## - PUBLICACIÓN, DISTRIBUCIÓN, ETC.
Lugar de publicación, distribución, etc. Santo Domingo :
Nombre del editor, distribuidor, etc. CAIS ,
-- DEA ,
Fecha de publicación, distribución, etc. [s.f.]
300 ## - DESCRIPCIÓN FÍSICA
Extensión 558 p. ;
Otras características físicas il., mapas, retrs. :
Dimensiones 20 cm.
490 ## - MENCIÓN DE SERIE
Mención de serie Centro de adiestramiento e investigación social (CAIS)
500 0# - NOTA GENERAL
Nota general Contiene citas bibliográficas.
500 0# - NOTA GENERAL
Nota general Contiene bibliografía.
500 0# - NOTA GENERAL
Nota general Contiene datos biográficos del autor.
505 10 - NOTA DE CONTENIDO CON FORMATO
Nota de contenido con formato Tema I :
Título Prehistoria e historia.-
505 10 - NOTA DE CONTENIDO CON FORMATO
Nota de contenido con formato Tema II :
Título Situación de Europa del descubrimiento.-
505 10 - NOTA DE CONTENIDO CON FORMATO
Nota de contenido con formato Tema III:
Título La sociedad aborigen.-
505 10 - NOTA DE CONTENIDO CON FORMATO
Nota de contenido con formato Tema IV :
Título El descubrimiento de América.-
505 10 - NOTA DE CONTENIDO CON FORMATO
Nota de contenido con formato Tema V :
Título Conquista y colonización.-
505 10 - NOTA DE CONTENIDO CON FORMATO
Nota de contenido con formato Tema VI :
Título Colón y las anulaciones de la capitulaciones de Santa Fe.-
505 10 - NOTA DE CONTENIDO CON FORMATO
Nota de contenido con formato Tema VII :
Título El régimen de las encomiendas.-
505 10 - NOTA DE CONTENIDO CON FORMATO
Nota de contenido con formato Tema VIII :
Título Inicio de la industria azucarera.-
505 10 - NOTA DE CONTENIDO CON FORMATO
Nota de contenido con formato Tema IX :
Título La española de 1520 a 1550.-
505 10 - NOTA DE CONTENIDO CON FORMATO
Nota de contenido con formato Tema X :
Título La española en la segunda mitad del siglo XVI.-
505 10 - NOTA DE CONTENIDO CON FORMATO
Nota de contenido con formato Tema XI :
Título La Isla de Santo Domingo en el siglo XVIII.-
505 10 - NOTA DE CONTENIDO CON FORMATO
Nota de contenido con formato Tema XII :
Título La isla de Santo Domingo en el siglo XVIII.-
505 10 - NOTA DE CONTENIDO CON FORMATO
Nota de contenido con formato Tema XIII :
Título La revolución haitiana.-
505 10 - NOTA DE CONTENIDO CON FORMATO
Nota de contenido con formato Tema XIV :
Título La dominación francesa y española a principios del siglo XIX.-
505 10 - NOTA DE CONTENIDO CON FORMATO
Nota de contenido con formato Tema XV :
Título Unificación política de la isla y separación.-
505 10 - NOTA DE CONTENIDO CON FORMATO
Nota de contenido con formato Tema XVI :
Título Los inicios de la primera república.-Tema XVII
505 10 - NOTA DE CONTENIDO CON FORMATO
Nota de contenido con formato Tema XVII :
Título El caudillismos y la situación de la naciente república durante su primer período (1844-1861).-
505 10 - NOTA DE CONTENIDO CON FORMATO
Nota de contenido con formato Temas XVIII :
Título Anexión y guerra de restauración.-
590 ## - NOTA LOCAL (RLIN)
Nota local Inventariado, 2021 / DG
650 4# - PUNTO DE ACCESO ADICIONAL DE MATERIA--TÉRMINO DE MATERIA
Término de materia o nombre geográfico como elemento de entrada República Dominicana
Subdivisión general Historia
9 (RLIN) 416
830 ## - PUNTO DE ACCESO ADICIONAL DE SERIE-TÍTULO UNIFORME
Título uniforme Centro de adiestramiento e investigación social (CAIS)
9 (RLIN) 78665
910 ## - DATOS DE OPCIÓN DEL USUARIO (OCLC)
Datos de opción del usuario D/G
942 ## - ELEMENTOS DE PUNTO DE ACCESO ADICIONAL (KOHA)
Fuente del sistema de clasificación o colocación Dewey Decimal Classification
Tipo de ítem Koha Libro
Holdings
Estado de retiro Estado de pérdida Fuente del sistema de clasificación o colocación Restricciones de uso No para préstamo Código de colección Localización permanente Ubicación/localización actual Ubicación en estantería Fecha de adquisición Fuente de adquisición Signatura topográfica completa Código de barras Fecha visto por última vez Precio válido a partir de Tipo de ítem Koha
    Dewey Decimal Classification Excluido de préstamo   Patrimonio Dominicano Biblioteca Nacional Pedro Henríquez Ureña Biblioteca Nacional Pedro Henríquez Ureña Depósito 10.11.2020 Donado por FUNDI BNPHU PD 972.93 M385m 49118 10.11.2020 10.11.2020 Libro

Powered by Koha